ThamePo episode name - thaï bl - Statistics

General Stats
  • This quiz has been taken 3 times
  • The average score is 8 of 13
Answer Stats
Hint Answer % Correct
Ep 9 Fly Me to the Moon
100%
Ep 2 A Step You Can't Take Back
67%
Ep 1 Dreaming with a Broken Heart
67%
Ep 12 Hey Jude
67%
Ep 13 I Say A Little Prayer
67%
Ep 5 Love Never Felt So Good
67%
Ep 4 Love the way you lie
67%
Ep 10 Set Fire to the Rain
67%
Ep 6 Somewhere Only We Know
67%
Ep 11 Space Oddity
67%
Ep 8 The Winner Takes it All
67%
Ep 3 Trouble is a Friend
67%
Ep 7 Smoke Get In Your Eyes
0%
No matching quizzes found
Score Distribution
Percent of People with Each Score
Percentile by Number Answered
Your Score History
You have not taken this quiz